Car Quiz Logo Edition (Level 5) - Statistics

General Stats
  • This quiz has been taken 79 times
  • The average score is 5 of 26
Answer Stats
Picture Answer % Correct
Stutz
63%
Dartz
51%
Studebaker
37%
Devon
29%
Shelby Super Cars
29%
Toyota Crown
24%
Emgrand
22%
First Automobile Works
22%
Nash
20%
Changan
17%
Gonow
17%
Roewe
17%
Baojun
15%
Autozam
12%
Auverland
12%
Changhe
12%
Everus
12%
Ikco Samand
12%
Adler
10%
Eunos
10%
Geely Emgrand
10%
Kitter
10%
Liebao
10%
Opticul
10%
Riich
10%
SYM
10%
No matching quizzes found
Score Distribution
Percent of People with Each Score
Percentile by Number Answered
Your Score History
You have not taken this quiz